书目信息 |
| 题名: |
生命的真意
|
|
| 作者: | 奥修 , Osho 著 ;金晖 , 王建伟 译 | |
| 分册: | ||
| 出版信息: | 上海 东方出版中心 1996 |
|
| 页数: | 262页 | |
| 开本: | 20cm | |
| 丛书名: | 奥修人生箴言系列 | |
| 单 册: | ||
| 中图分类: | B351.5 , B825 | |
| 科图分类: | ||
| 主题词: | 哲学理论--印度--现代 , 伦理学 | |
| 电子资源: | ||
| ISBN: | 7-80627-093-0 | |
| 000 | 00927nam2 2200325 45 | |
| 001 | 0964469116 | |
| 005 | 20090928175521.26 | |
| 010 | @a7-80627-093-0@dCNY16.50 | |
| 100 | @a19961205d1996 em y0chiy0120 ea | |
| 101 | 1 | @achi@ceng |
| 102 | @aCN@b310000 | |
| 105 | @ay z 000yy | |
| 200 | 10 | @a生命的真意@Asheng ming de zhen yi@f(印度)奥修(Osho)著@g金 晖,王建伟译 |
| 210 | @a上海@c东方出版中心@d1996 | |
| 215 | @a262页@d20cm | |
| 225 | 2 | @a奥修人生箴言系列 |
| 300 | @a书名原文:Tao- the three treasures | |
| 300 | @a由奥修国际基金会授权出版 | |
| 410 | 0 | @120010@a奥修人生箴言系列 |
| 510 | 1 | @aTao- the three treasures@zeng |
| 606 | @a哲学理论@y印度@z现代 | |
| 606 | 0 | @a伦理学 |
| 690 | @aB351.5@v3 | |
| 690 | @aB825@v4 | |
| 701 | 1 | @a奥修@Aao xiu@4著 |
| 701 | A1 | @aOsho@4著 |
| 702 | 0 | @a金晖@Ajin hui@4译 |
| 702 | 0 | @a王建伟@Awang jian wei@4译 |
| 801 | 0 | @aCN@bTSSF@c19970129 |
| 905 | @a10447@dB825@eJY41 | |
| 生命的真意/(印度)奥修(Osho)著/金 晖,王建伟译.-上海:东方出版中心,1996 |
| 262页;20cm.-(奥修人生箴言系列) |
| 书名原文:Tao- the three treasures.-由奥修国际基金会授权出版 |
| ISBN 7-80627-093-0:CNY16.50 |
| ● |
| 相关链接 |
|
|
|
|
正题名:生命的真意
索取号:B825/JY41
 
预约/预借
| 序号 | 登录号 | 条形码 | 馆藏地/架位号 | 状态 | 备注 |
| 1 | 7820285 | 278202856 | 学院路分馆/ [索取号:B825/JY41] | 在馆 | |
| 2 | 7820286 | 278202865 | 学院路分馆/ [索取号:B825/JY41] | 在馆 |